000 00444nam a22001817a 4500
003 OSt
005 20180116183026.0
008 151208b xxu||||| |||| 00| 0 eng d
020 _a0099263106
040 _c0
082 _a813.54 MOO 1978
100 _aRobin Moore
245 _aFast Shuffle
_cRobin Moore
260 _aSydney Auckland
_bArbor House Publishing
_c1978
300 _a281 p.
_bPB
440 _aFast Shuffle
942 _2ddc
_cBK
999 _c350787
_d350787